| 000 | 01216nam a22002897a 4500 | ||
|---|---|---|---|
| 001 | 9982 | ||
| 003 | FISKH | ||
| 005 | 20260423150853.0 | ||
| 008 | 260323b cb ||||| |||| 00| 0 eng d | ||
| 020 | _a9798988191209 | ||
| 040 |
_aFISKH _beng _cFISKH _dFISKH |
||
| 050 | _aPZ7 | ||
| 082 | _a813 | ||
| 100 |
_aOrndorff, Breanne _eAuthor |
||
| 245 |
_aMangos are for me / _cWritten by Breanne Orndorff ; illustrated by Diobhas |
||
| 260 |
_bBreanne Orndorff , _c2023 |
||
| 300 |
_a32 unnumbered pages : _bcolor illustrations ; _c25 cm |
||
| 505 | _aJ | ||
| 520 | _aDo you a favorite fruit? Well, I sure do; mangos! Come along on an adventure with me, where I'll introduce you to a mouthwatering world of flavors. My playful rhymes and vivid illustrations will let you experience these fruits like never before. So come on, hop in a pool with me and drink a coconut or climb a jackfruit tree. And, of course, we will pick mangos together before we are done. Let's find your favorite fruit! | ||
| 521 | 8 |
_a450
_bLexile estimate |
|
| 521 | 8 |
_aJ
_bRaz-Plus |
|
| 650 |
_aMangoes _vFruit |
||
| 650 |
_aCambodia _vPicture book |
||
| 700 |
_aDiobhas _eIllustrator |
||
| 942 |
_2ddc _cBK _n0 |
||
| 999 |
_c9982 _d9982 |
||